000
00273nam a2200097Ia 4500
001
647661
005
20250826153707.0
008
250824s9999 xx 000 0 und d
245
0
_a
SUÇ VE CEZA ANTİK DÜNYA KLASİKLERİ
_c
DOSTOYEVSKİ
260
_b
ANTİK DÜNYA KLASİKLERİ
999
_c
647661
_d
647661